=LDR 00000nam 2200000 4500 =001 INLIS000000000810468 =005 20260202104116 =035 ##$$a 0010-0126000010 =007 ta =008 260202###########################0#ara## =082 ##$$a 297.072 =084 ##$$a 297.072 GHU m =100 #$$a Hkafidzh Ghulam Fathoni =245 1#$$a Al-halakah fi dhurubi asy-syahawat bil ibahiyah wal adat sirriyah /$c Ustadz Hanif Arafi Cahaya, S.Ag. =260 ##$:$b PIAT 7,$c 2025 =300 ##$$a 22 hlm ; $c 21 x 29,7 cm. =990 ##$$a 00000005231